000 00400nam a22001097a 4500
082 _a080/SHA
100 _aरॉबिन शर्मा
_972818
245 _aद लीडर हू हेड नो टाइटल
260 _aमुंबई
_bजायको पब्लिशिंग हाउस
_c2024
650 _aव्यक्तित्व विकास
_965212
942 _cHIN
999 _c67787
_d67787